| 000 | 00783nam a2200253Ia 4500 | ||
|---|---|---|---|
| 003 | OSt | ||
| 005 | 20221005093628.0 | ||
| 006 | a|||||r|||| 00| 0 | ||
| 007 | ta | ||
| 008 | 221004b |||||||| |||| 00| 0 ara d | ||
| 020 |
_a9789957762810 (hbk) _c2500 |
||
| 024 | _a20962 | ||
| 037 |
_b962, 12/03/2015, Nadwi Publications _cTextual |
||
| 040 |
_aCRL _cCRL _bara |
||
| 041 |
_2ara _aara |
||
| 082 | _aP28:3, Q4 | ||
| 100 |
_aAlasadi Falh Hasan Katah Au. _9618637 |
||
| 245 | 0 | _aAl-taari fi al-arbiah | |
| 260 |
_aOman _bDal al Rizwan lil Nashr _c2014 |
||
| 300 |
_a272p. _ccm. |
||
| 650 |
_aARABIC LANGUAGE - GRAMMAR _939799 |
||
| 942 |
_hP28:3, Q4 _cTEXL _2cc |
||
| 999 |
_c1000758 _d1000758 |
||